Skladování zboží v potravinářském obchodě

Salvato in:
Dettagli Bibliografici
Autore principale: Zvolský, František
Natura: Libro
Lingua:ceco
Pubblicazione: Praha Merkur 1982
Tags: Aggiungi Tag
Nessun Tag, puoi essere il primo ad aggiungerne!!

MARC

LEADER 00000nam a2200000 4500
001 c116269
005 20041019155204.1
041 0 |a cze 
044 |a CZ 
245 1 0 |a Skladování zboží v potravinářském obchodě  |c František Zvolský a kol. 
264 1 |a Praha  |b Merkur  |c 1982 
300 |a 88 s. 
100 1 |a Zvolský, František